[Event "SM-gruppen"]
[Site "Lund"]
[Date "2010.07.07"]
[Round "5"]
[White "Vas, Peter"]
[Black "Tikkanen, Hans"]
[Result "1-0"]
[WhiteElo "2305"]
[BlackElo "2469"]
[Annotator "Michael de Verdier"]
[PlyCount "117"]
[EventDate "2010.??.??"]
[EventRounds "9"]
[EventCountry "SWE"]
[Source "Anders Hansen"]
[SourceDate "2010.07.03"]

1. e4 e5 2. Nf3 Nc6 3. d4 exd4 4. Nxd4 Nf6 5. Nxc6 bxc6 6. e5 Qe7 7. Qe2 Nd5 8.
b3 g6 9. g3 Bg7 10. Bb2 O-O 11. c4 Ba6 12. Bg2 Rae8 13. O-O Bxe5 14. Qxe5 Qxe5
15. Bxe5 Rxe5 16. cxd5 Bxf1 17. Kxf1 cxd5 18. Nc3 c6 {Diagram # "Det skotska
slutspelet". Märkligt nog hade Tikkanen lagt ca en timme för att nå denna
kända teoriställning.} 19. Rd1 f5 ({Den ryska superstormästaren Jakovenko
introducerade en intressant plan för några år sedan som börjar med} 19... Rb8
$5 {med poängen att bemöta vits Td4-a4 med ..a5 + ..Tb4, och om vit spelar} 20.
Rd4 {direkt, har svart} Rbe8 21. Bf3 Re1+ 22. Kg2 Rc1 {med minst lika spel.})
20. Ne2 Rfe8 21. Bf3 R8e7 $6 ({Om man ska peka på nåt speciellt läge där svart
gick fel i öppningen, kanske detta är just det läget. Peter föreslog} 21... Kf7
22. Rd4 Ke6 23. Ra4 Ra8 {som en förstärkning för svart.}) 22. Rd4 g5 23. h3 {
Det är nu oklart hur svart ska bemöta vits Ta4 med press på a7.} h5 {Tikkanen v
äljer att offra en bonde, men det visar sig vara ett ganska osunt offer.} (
23... Re8) 24. Bxh5 Rh7 25. g4 f4 26. Ng1 {Vit har klar fördel.} Re4 27. Rd2
Kg7 28. Nf3 Kf6 29. h4 {Peter har nu en klar plan som han följer slaviskt.}
gxh4 30. Nxh4 a5 {Svarts motspel bygger huvudsaklingen på ..a5-a4.} 31. Nf3 a4
32. Kg2 {Kungen ska upp till h4 för att stödja g-bondens frammarsch.} axb3 33.
axb3 Rb4 34. Rd3 (34. Re2 Re4 ({Efter} 34... Rxb3 35. g5+ Kg7 36. Re7+ Kg8 37.
Re8+ Kg7 38. Nd4 Rxh5 39. Nxb3 Rxg5+ 40. Kf3 {borde väl vit vinna ändå.}) 35.
Ra2 Rb4 36. Ra8 {såg intressant ut. Det var i och för sig inget fel på 34.Td3.}
) 34... Rh8 35. Kh3 Ke6 36. Kh4 c5 37. Ng5+ Ke5 38. Nf7+ Ke4 39. Rh3 (39. Rxd5
{trodde vi skulle vinna direkt.} Kxd5 40. Nxh8 Kd4 ({Svart lever kanske efter} 
40... Ke4 $1 {, i och för sig.} 41. g5 Rxb3 42. Nf7 Rb8) 41. g5 Rxb3 42. g6 c4
43. g7 Rb8 44. Ng6 $1 Rg8 45. Ne7 {
och gaffel på f5. Varianten var kanske inte helt relevant.}) 39... Rg8 40. g5
c4 41. bxc4 dxc4 42. g6 d5 43. Nh6 Rg7 44. Kg5 Rb3 45. Rh1 $1 {
Det mest exakta, även om andra drag säkert också dög.} d4 46. Nf5 Rb5 47. Kf6
Rd7 (47... Rxf5+ {var lika hopplöst:} 48. Kxg7 Rxh5 49. Rxh5 d3 50. Rh1 d2 51.
Kf6 c3 52. g7 c2 53. g8=Q {och vit vinner lätt med torn mer och initiativ.})
48. Re1+ Kd3 49. Rg1 c3 50. g7 Rxg7 ({Efter} 50... Rb6+ {
är det viktigt att avra exalt med} 51. Ke5 $1 Rxg7 52. Rxg7 c2 53. Rc7 Rb5+ 54.
Kxf4 Rb1 55. Be2+ $1 Kd2 (55... Kxe2 {förlorar efter att vit spelar} 56. Rxc2+
Kd3 57. Ra2 {med vinst.}) 56. Rxc2+ Kxc2 57. Nxd4+ {och även här vinner vit.})
51. Kxg7 c2 52. Bg6 Rb7+ 53. Kf6 Rb6+ 54. Kg5 Rc6 55. Ne7+ Rxg6+ 56. Nxg6 f3
57. Nf4+ Kc3 58. Kg4 d3 59. Nxd3 1-0

[Event "SM-gruppen"]
[Site "Lund"]
[Date "2010.07.08"]
[Round "6"]
[White "Berg, Emanuel"]
[Black "Abdollahzadeh Sani, Arash"]
[Result "1/2-1/2"]
[WhiteElo "2612"]
[BlackElo "2143"]
[Annotator "Michael de Verdier"]
[PlyCount "64"]
[EventDate "2010.??.??"]
[EventRounds "9"]
[EventCountry "SWE"]
[Source "Anders Hansen"]
[SourceDate "2010.07.03"]

1. e4 c5 2. Nf3 e6 3. d4 cxd4 4. Nxd4 Nc6 {
Samma variant, Taimanov, som Abdollahzadeh spelade mot Jonny Hector i rond 2.}
5. Nc3 Qc7 6. Be3 a6 7. Qd2 Nf6 8. O-O-O Bb4 9. f3 Ne5 (9... O-O {
spelades i Berg - Tikkanen, rond 1.}) 10. Nb3 b5 {Diagram #} 11. Qd4 ({
Draget som rekommenderas i Khalifmans repertoarböcker om 1.e4. Ett av de
huvudsakliga alternativenär} 11. Qe1 Be7 12. f4 Ng6 13. e5 Ng4 14. Ne4 {
, som i Grandelius - L. Olsson, Schackstudions IM-turnering 2009.}) 11... Be7
12. Be2 {Det här draget spelas nästan aldrig. Det verkar lite långsamt.} (12.
Qb6 {, som i Pruijssers - So, Corus 2009, ser rätt ut. Vit vill spela ett lite
bekvämare slutspel.}) 12... d6 {Diagram #} 13. g4 ({Det var kanske inte för
sent att tänka i samma banor som i förra draget och göra} 13. Qb6 {.}) 13...
O-O 14. g5 Nfd7 15. f4 Nc6 16. Qd2 Nc5 $1 {Nu tar svart nästan över. Vits
schablonpush med f4 och g5 var nog inte så lyckad.} 17. Nxc5 dxc5 18. Bf3 Rd8
19. Qf2 Nd4 $1 {Nu tar svart över} 20. Bxd4 cxd4 21. e5 Bb7 22. Bxb7 Qxb7 23.
Ne2 d3 $1 24. cxd3 Rxd3 25. Rxd3 Qxh1+ 26. Qg1 Qe4 27. Qe3 Rc8+ 28. Kb1 Qh1+
29. Qg1 Qe4 30. Qe3 Qh1+ 31. Qg1 {Diagram #} Qe4 ({
Nog kunde svart spelat vidare med} 31... Qc6 {, men Abdollahzadeh har ju all
anledning att vara tillfreds med en remi mot Emanuel.}) 32. Qe3 Qh1+ 1/2-1/2

[Event "SM-gruppen"]
[Site "Lund"]
[Date "2010.07.08"]
[Round "6"]
[White "Brynell, Stellan"]
[Black "Vas, Peter"]
[Result "1-0"]
[WhiteElo "2495"]
[BlackElo "2305"]
[Annotator "Michael de Verdier"]
[PlyCount "229"]
[EventDate "2010.??.??"]
[EventRounds "9"]
[EventCountry "SWE"]
[Source "Anders Hansen"]
[SourceDate "2010.07.03"]

1. d4 d5 2. c4 dxc4 3. Nf3 Nf6 4. e3 e6 5. Bxc4 c5 6. O-O a6 7. Bd3 ({
Alternativen är} 7. a4 {, eller det lite mer moderna.}) (7. Bb3) 7... Nc6 8. a3
cxd4 9. exd4 Be7 10. Nc3 O-O 11. Bc2 b5 {Diagram # En typisk IQP-ställning.}
12. Qd3 Bb7 13. Re1 g6 14. Bh6 Re8 15. Rad1 Rc8 16. Bb1 {En vanlig manöver.
När svart har gjort ..g6 så har vits löpare inget på b1-h7 att göra längre, så
istället för man över den till a2-g8, för att understödja d5-breaket.} Na5 (
16... b4 {har också spelats tidigare.}) 17. Ne5 Nc4 18. Qe2 Nd6 (18... Bf8 {
spelades i Drozdovskij - Sakalauskas, AIG Life Rapid 2007.}) (18... Bd5 {
verkar aldrig ha spelats men jag tycker att det ser OK ut också.}) 19. Ba2 Nd5
20. Nxd5 Bxd5 21. Bxd5 exd5 22. Qf3 Nf5 (22... Bg5 23. Bxg5 Qxg5 24. Qxd5 Red8
{ger svart kompensation för bonden, frågan är om den är tillräcklig.}) 23. Nxf7
$5 Kxf7 24. g4 {Diagram #} Qd7 $6 (24... Bg5 {
var main line i kommentatorsrummet.} 25. Rxe8 Kxe8 26. Re1+ Kf7 {
såg oklart ut, men det verkar som att efter} 27. Bxg5 Qxg5 28. h4 Qxh4 29.
Qxd5+ Kf8 30. gxf5 Qg4+ {, slutar partiet med remischackar.}) 25. gxf5 $6 (25.
Re5 {skulle väl vara poängen med vits spel?! Det ser övertygande ut.}) 25...
Qxf5 26. Qxf5+ gxf5 27. Re5 Bf6 28. Rxf5 Kg6 29. Rf3 Rc2 {
Svart har tillräcklig kompensation för bonden.} 30. b3 Re4 31. Be3 Rc3 32. Kh1
Rxb3 33. Rc1 Kf7 34. Rh3 Rg4 (34... Bh4 $5 {
var ett alternativ, för att gardera h7.}) 35. Rxh7+ Kg6 36. Rd7 Rxa3 37. h3 Rh4
38. Rc6 Rxh3+ 39. Kg2 Rh5 40. Rdd6 Rf5 41. Rxa6 Rxa6 42. Rxa6 Rh5 43. Rb6 Rh4
44. Kg3 Re4 45. Kf3 Kf5 46. Rxb5 Bxd4 $4 (46... Ke6 {
ger extremt goda remichanser.}) 47. Rxd5+ Be5 {Diagram #} 48. Ra5 $2 ({
Stellan kunde avgjort med} 48. Bh6 $1 {Det hotar nu Bg7 med avbyte till ett
vunnet bondeslutspel. 48...Rd4 är det naturliga försvaret men då vinner 49.
Rxe5+!} Rh4 49. Bg7 Rf4+ 50. Ke3 Re4+ 51. Kd3 $1 Re1 (51... Rf4 52. Rxe5+ Kg6 {
ser nästan ut att fånga löparen eller få tag på bonden på f2, men vit har} 53.
Ke3 $1 Rf7 54. Bh8 $1 Rf8 55. Re6+ $1 {med vinst.}) 52. Rxe5+ Rxe5 53. Bxe5
Kxe5 54. Ke3 {och vit vinner med oppositionen.}) 48... Rb4 49. Ke2 Ke6 50. Kd3
Rb3+ 51. Ke4 Rb4+ 52. Kf3 Kf5 {Detta slutspelet borde svart hålla.} 53. Rd5 Ra4
54. Rd8 Rb4 55. Rf8+ Ke6 56. Kg2 Rb8 57. Rf3 Rh8 58. Kf1 Rh1+ 59. Ke2 Rh8 60.
Kd3 Rd8+ 61. Ke2 Rh8 62. Bd2 Ra8 63. Rb3 Ra4 64. Rb5 Re4+ 65. Kf3 Ra4 66. Bb4
Ra8 67. Ke4 Bc7 68. Bc3 Rf8 69. Bd4 Rf4+ 70. Kd3 Rf5 71. Rb7 Rf3+ 72. Be3 Rf7
73. Ke4 Re7 74. Bg5 Rd7 75. Rb5 Rd1 76. Be3 Ra1 77. Rh5 Ra4+ 78. Bd4 Bf4 79.
Rc5 Bd6 80. Rg5 Be7 81. Rg6+ Kf7 82. Rc6 Bh4 83. Kd3 Ra3+ 84. Ke2 Ra2+ 85. Kf1
Ra4 86. Be3 Re4 87. Rc3 Bf6 88. Rb3 Rc4 89. Ke2 Be5 90. f3 {Stellan kändes sig
tvingad att gå fram med bonden, för att undvika 50-dragsregeln.} Ke6 91. Ra3
Kd5 92. Ra5+ Ke6 93. Bd2 Rh4 94. Rb5 Ra4 95. Bb4 Ra8 96. Bc5 Rb8 97. Ra5 Rb3
98. Ra8 Kd5 99. Ba3 Rb8 100. Ra5+ Ke6 101. Ke3 Bd6 102. Bc1 Rb3+ 103. Ke2 Rb4 (
{En olycklig tornplacerig. Efter t.ex.} 103... Bc7 {
, eller vad som helst, är väl partiet fortfarande inom "remizonen".}) 104. Ra6
Rb3 105. Bf4 Rb2+ 106. Ke3 Rb3+ 107. Kf2 Rd3 108. Rxd6+ Rxd6 109. Bxd6 Kxd6
110. Kg3 {Ett snöpligt slut för svart.} Ke6 111. Kg4 Ke7 112. Kf5 Ke8 113. Kf6
Kf8 114. f4 Ke8 115. Kg7 1-0

[Event "SM-gruppen"]
[Site "Lund"]
[Date "2010.07.08"]
[Round "6"]
[White "Eriksson, Anders"]
[Black "Grandelius, Nils"]
[Result "1/2-1/2"]
[WhiteElo "2311"]
[BlackElo "2505"]
[Annotator "Michael de Verdier"]
[PlyCount "83"]
[EventDate "2010.??.??"]
[EventRounds "9"]
[EventCountry "SWE"]
[Source "Anders Hansen"]
[SourceDate "2010.07.03"]

1. Nf3 Nf6 2. c4 g6 3. g3 Bg7 4. Bg2 O-O 5. O-O d6 6. Nc3 Nc6 7. d3 e5 {
Diagram #} 8. h3 ({Mycket ovanligt. Vit spelar i princip alltid} 8. Rb1 a5 9.
a3 {där svart också kan tänkas hoppa in på d4,} Nd4 {. Poängen med Erikssons 8.
h3 kanske är att spela e4 i nästa drag utan att svart kan störa med ..Lg4.})
8... Nd4 9. Nxd4 exd4 10. Nb5 Nd7 11. b3 Nc5 12. Rb1 c6 13. Na3 a5 14. Bb2 Bd7
15. Nc2 Ne6 {Diagram # Frågan är om vit vill bryta med e3, eller om man vill
försöka pressa mot d4-bonden.} 16. f4 f5 {Diagram #} 17. Qe1 $5 {Förbereder e3,
eller om man bara vill ställa damen på f2 med fortsatt press mot d4.} g5 {
Nils ser sin chans att skapa lite oreda på kungsflygeln.} 18. e3 dxe3 19. Bxg7
Nxg7 (19... Kxg7 {såg ut som ett mer naturligt drag.}) 20. Qxe3 gxf4 21. Qxf4 {
Vit har en liten fördel, tack vare sin fina utpost på f4. Svarts d7-löpare är
svåraktiverad.} Qf6 22. Bf3 (22. Qd4 {
såg ut som ett bra drag. Vit vill ju gärna byta dam.}) 22... Rad8 23. Nd4 Rde8
24. Ne2 {Vit planerar att ta springaren till f4 istället.} Re7 25. Rf2 Bc8 26.
d4 {Bonden ska till d5, för att ta bort e6-rutan för svart.} Rfe8 27. d5 c5 28.
Qd2 Re3 29. Kh2 b6 30. Nf4 Qe5 $6 (30... Qc3 31. Qxc3 Rxc3 32. Kg2 Bd7 {
var nog en förstärkning.}) 31. Ng2 f4 $6 ({
Det var antagligen nödvändigt för svart att erkänna sitt misstag och spela} 
31... Rc3 32. Re1 Qf6 33. Rxe8+ Nxe8 {
. Vit står bättre men svart lever i allra högsta grad.}) 32. gxf4 Qf5 33. Nxe3
Qxf4+ 34. Kh1 Rxe3 35. Bg2 (35. Re1 {ser ut att vinna för vit.}) 35... Qe5 36.
Rbf1 Nh5 37. Rf8+ Kg7 {Diagram #} 38. Rxc8 $2 (38. R1f7+ $1 {var draget.} Kg6 {
är enda draget, och då kan vit överväga} (38... Kh6 39. Rf3 {
vinner direkt för vit.}) 39. Rf3 $1 {
och svarts kung visar sig vara för öppen. Vit vinner.}) 38... Ng3+ 39. Kg1 Ne2+
40. Kh1 Ng3+ 41. Kg1 Ne2+ 42. Kh1 {Det fanns inget sätt för vit att undvika
remischackarna. En missad chans för Eriksson!} 1/2-1/2

[Event "SM-gruppen"]
[Site "Lund"]
[Date "2010.07.08"]
[Round "6"]
[White "Hillarp Persson, Tiger"]
[Black "Semcesen, Daniel"]
[Result "1/2-1/2"]
[WhiteElo "2538"]
[BlackElo "2420"]
[Annotator "Michael de Verdier"]
[PlyCount "93"]
[EventDate "2010.??.??"]
[EventRounds "9"]
[EventCountry "SWE"]
[Source "Anders Hansen"]
[SourceDate "2010.07.03"]

1. d4 d5 2. c4 dxc4 3. Nf3 Nf6 4. e3 Bg4 5. h3 Bh5 6. Nbd2 {Tiger väljer en
annan uppställning mot Daniels ..Lg4-variant, jämfört med partiet Brynell -
Semcesen för några dagar sen.} e6 7. Nxc4 c5 8. Nce5 Nbd7 9. g4 Bg6 10. Qa4 a6
11. Nxg6 hxg6 12. Bg2 {Diagram # Vit har vunnit löparparet, men svart är solid
och vits h3+g4 är ibland inte en optimal uppställning.} Bd6 13. dxc5 Bxc5 14.
Bd2 b5 15. Qc2 Rc8 16. Rc1 Nb6 17. Qb1 O-O 18. O-O Nc4 19. Rfd1 Qe7 20. Kh1 Nd5
{Diagram # I gengäld för löparparet har svart fått två aktiva springare i
centrum. Det finns inga riktigt naturliga drag för vit för att skjutsa bort de
där springarna...} 21. Be1 Bb4 22. Rd4 Bc5 23. Rd3 Qf6 24. Nd2 Qxb2 25. Bxd5
exd5 26. Qxb2 Nxb2 27. Rxd5 Bb4 28. Rb1 Rc2 29. Kg1 Rfc8 30. Nf3 Bxe1 31. Rxe1
Nc4 {Diagram # Efter många avbyten går nu partiet mot remi. Svart har en
farlig majoritet, 2 mot 1, på damflygeln, men vits spel mot svarts kung visar
sig räcka för remi.} 32. Red1 Rf8 33. Ra1 Rb8 34. Nd4 Rd2 35. Kf1 Rb2 36. Nf3
f6 37. Kg1 Na3 38. Nd4 Rb7 39. Rc1 Rb1 40. Rxb1 Nxb1 41. Rd8+ Kf7 42. Ra8 Rb6
43. Ra7+ Kg8 44. Ra8+ Kf7 45. Ra7+ Kg8 46. Ra8+ Kf7 47. Ra7+ 1/2-1/2

[Event "SM-gruppen"]
[Site "Lund"]
[Date "2010.07.08"]
[Round "6"]
[White "Tikkanen, Hans"]
[Black "Hector, Jonny"]
[Result "0-1"]
[WhiteElo "2469"]
[BlackElo "2584"]
[Annotator "Michael de Verdier"]
[PlyCount "74"]
[EventDate "2010.??.??"]
[EventRounds "9"]
[EventCountry "SWE"]
[Source "Anders Hansen"]
[SourceDate "2010.07.03"]

1. d4 Nf6 2. c4 e5 {Jonny är full av överraskningar. Idag vill han undvika
Hans prepp genom att spela Budapest-gambiten.} 3. dxe5 Ng4 4. Nf3 ({för att und
vika att löparen blir instängd på c1 spelas mycket, då svart kan svara med det
skarpa} 4. Bf4 g5 {, som i Smith - Sulskis, Borup 2009.}) 4... Bc5 5. e3 {
Vit tvingades nu stänga in sin c1-löpare med det här draget.} Nc6 6. Bd2 ({
Lite ovanligt. Vanligare är} 6. Be2 Ngxe5 7. Nxe5 Nxe5 8. Nc3 {.}) 6... O-O 7.
Bd3 Re8 (7... Ngxe5 {bemöts nu med} 8. Nxe5 Nxe5 9. Bxh7+) 8. Bc3 h6 (8...
Ngxe5 {här ger samma bekymmer efter} 9. Bxe5 Nxe5 10. Bxh7+) 9. Bc2 Ngxe5 10.
Nxe5 Nxe5 {Diagram #} 11. b4 (11. Bxe5 $5 Rxe5 12. Qd3 {
trodde jag kanske var poängen med Tikkanens spel. Efter} g6 13. Nc3 {
kanske vit rockerar långt och kör på med g4+h4.}) 11... Bf8 12. O-O d6 13. Nd2
Qh4 $6 14. f4 $1 Ng4 {Svart har spelat pseudo-aktivt. Det ser ut som problem
för vit nu, men snart blir alla svarts "aktiva" pjäser bortskjutsade.} 15. Nf3
Qe7 16. Re1 f5 ({Efter} 16... Nxe3 $2 17. Qc1 {vinner vit, såklart.}) 17. e4
Qf7 18. h3 Nf6 19. exf5 {Svarts aktivitet har förvandlats till passivitet, och
det kostade en bonde på köpet.} Rxe1+ 20. Qxe1 Bd7 21. Qf2 a5 {Desperation.}
22. bxa5 Nh7 23. g4 Be7 24. Re1 Bf6 {Diagram #} 25. Ne5 $2 (25. Bd2 {borde kans
ke speats, och vit behåller allt och kommer med största sannolikhet att vinna
partiet.}) 25... dxe5 26. fxe5 Ng5 $1 {
Helt plötsligt är saker och ting inte så klara.} 27. Qg3 $6 (27. Re3 {
bemöts med} Be7 28. e6 Bxe6 $1 29. fxe6 Qxf2+ 30. Kxf2 Bc5 {
och svart står klart bättre.}) (27. Qf1 $1 {var nog vits bästa fortsättning.}
Bc6 28. exf6 Nf3+ 29. Kf2 Nxe1 30. Qxe1 gxf6 31. Bb3 {
och vit lever. Han står kanske till och med minimalt bättre?!}) 27... Bc6 28.
exf6 Nf3+ 29. Kf2 Nxe1 30. Kxe1 gxf6 {Diagram #} 31. Qh4 $6 ({Ett drag som} 31.
Kd2 {var kanske nödvändigt, men vit ville ju inte bara spela ställningen med
kvalitet under, utan starta aktivt spel mot f6 så snabbt som möjligt.}) 31...
Qe7+ {Nu är det slut.} 32. Kd1 Rd8+ {Allt kommer med schack.} 33. Kc1 Qa3+ 34.
Bb2 Qe3+ 35. Kb1 Be4 $1 {Poängen med svarts föregående spel. Vit kan ge upp.}
36. Bc1 Rd1 37. Qxf6 Qxc1# 0-1

[Event "SM-gruppen"]
[Site "Lund"]
[Date "2010.07.09"]
[Round "7"]
[White "Grandelius, Nils"]
[Black "Tikkanen, Hans"]
[Result "1/2-1/2"]
[WhiteElo "2505"]
[BlackElo "2469"]
[PlyCount "93"]
[EventDate "2010.??.??"]
[EventRounds "9"]
[EventCountry "SWE"]
[Source "Anders Hansen"]
[SourceDate "2010.07.03"]

1. d4 d5 2. c4 c6 3. Nc3 dxc4 4. e4 b5 5. a4 b4 6. Nce2 e6 7. Nf3 Nf6 8. Ng3
Ba6 9. Qc2 Qa5 10. Bd2 c3 11. bxc3 Bxf1 12. cxb4 Bxb4 13. Bxb4 Qxb4+ 14. Kxf1
Nfd7 15. Ke2 O-O 16. Rhc1 Rc8 17. e5 Qe7 18. Ne4 c5 19. Qb2 Nc6 20. dxc5 Rab8
21. Qc3 Rb4 22. Nd6 Rcb8 23. Qe3 Rb2+ 24. Kf1 R8b4 25. Ra3 h6 26. h3 Qf8 27.
Kg1 g5 28. Rd3 Rxa4 29. Ne4 Rxe4 30. Qxe4 Nxc5 31. Qxc6 Nxd3 32. Rc4 Rb4 33.
Rc3 Rb1+ 34. Kh2 Nxf2 35. Rc2 Nd3 36. Qd7 Nc5 37. Qxa7 Nb7 38. Rc4 Qd8 39. Qa2
Rb5 40. h4 Qa5 41. Qe2 Rb4 42. Rc8+ Kg7 43. hxg5 hxg5 44. Qe3 Rg4 45. Nxg5 Qd5
46. g3 Nd6 47. Rc7 1/2-1/2

[Event "SM-gruppen"]
[Site "Lund"]
[Date "2010.07.09"]
[Round "7"]
[White "Hector, Jonny"]
[Black "Brynell, Stellan"]
[Result "1/2-1/2"]
[WhiteElo "2584"]
[BlackElo "2495"]
[PlyCount "72"]
[EventDate "2010.??.??"]
[EventRounds "9"]
[EventCountry "SWE"]
[Source "Anders Hansen"]
[SourceDate "2010.07.03"]

1. e4 e6 2. d4 d5 3. Nc3 Bb4 4. e5 c5 5. Bd2 Ne7 6. Nb5 Bxd2+ 7. Qxd2 O-O 8. f4
a6 9. Nd6 cxd4 10. Nf3 Nbc6 11. Bd3 f6 12. O-O Bd7 13. b4 Qb6 14. a4 Nxb4 15.
a5 Qc5 16. Rab1 Nxd3 17. cxd3 fxe5 18. fxe5 Qc3 19. Qg5 Ng6 20. Rxb7 Bc8 21.
Rc1 Bxb7 22. Rxc3 dxc3 23. Qc1 Nf4 24. Nd4 Rab8 25. Qxc3 Ba8 26. h4 Rb1+ 27.
Kh2 Rd1 28. h5 Rxd3 29. Qb4 h6 30. g3 Nxh5 31. Nxe6 Rf2+ 32. Kg1 Rdf3 33. Qb8+
Kh7 34. Qb1+ Kg8 35. Qb8+ Kh7 36. Qb1+ Kg8 1/2-1/2

[Event "SM-gruppen"]
[Site "Lund"]
[Date "2010.07.09"]
[Round "7"]
[White "Vas, Peter"]
[Black "Berg, Emanuel"]
[Result "0-1"]
[WhiteElo "2305"]
[BlackElo "2612"]
[PlyCount "110"]
[EventDate "2010.??.??"]
[EventRounds "9"]
[EventCountry "SWE"]
[Source "Anders Hansen"]
[SourceDate "2010.07.03"]

1. e4 c5 2. Nf3 e6 3. d4 cxd4 4. Nxd4 a6 5. c4 Nf6 6. Nc3 Qc7 7. a3 b6 8. Be3
Bb7 9. f3 d6 10. Be2 Nbd7 11. Rc1 Rc8 12. O-O Be7 13. b4 O-O 14. Qb3 Qb8 15.
Rfd1 Rfe8 16. Bf1 h5 17. Qa2 Bd8 18. Kh1 Ne5 19. Bg1 h4 20. Na4 Nh5 21. Qd2 Ba8
22. Nb3 h3 23. Qxd6 hxg2+ 24. Bxg2 Qxd6 25. Rxd6 Nxc4 26. Rdd1 Bg5 27. Rc2 b5
28. Nac5 Red8 29. Ra1 Ne3 30. Bxe3 Bxe3 31. Re2 Bg5 32. Nxa6 Nf4 33. Rea2 Bf6
34. Rf1 Rc3 35. Nac5 Bc6 36. Na5 Be8 37. Re1 Bh4 38. Rb1 Bf6 39. Re1 Be5 40.
Rb1 g6 41. Ncb7 Rdd3 42. Nc5 Re3 43. Rd2 Kf8 44. Rbd1 Ke7 45. Nd7 Bxd7 46.
Rxd7+ Kf6 47. Bf1 Rxf3 48. Bxb5 Rf2 49. Nc6 Rxc6 50. Bxc6 Ne2 51. Rf1 Rxf1+ 52.
Kg2 Rc1 53. Bb7 Nf4+ 54. Kf2 Rc2+ 55. Ke1 Ng2+ 0-1

[Event "SM-gruppen"]
[Site "Lund"]
[Date "2010.07.10"]
[Round "8"]
[White "Berg, Emanuel"]
[Black "Hector, Jonny"]
[Result "1-0"]
[WhiteElo "2612"]
[BlackElo "2584"]
[Annotator "Michael de Verdier"]
[PlyCount "133"]
[EventDate "2010.??.??"]
[EventRounds "9"]
[EventCountry "SWE"]
[Source "Anders Hansen"]
[SourceDate "2010.07.03"]

1. e4 e5 2. Nf3 Nc6 3. Bb5 f5 {Schliemann, som spelats på den allra högsta
nivån av Radjabov under de senaste åren.} 4. d3 fxe4 5. dxe4 Nf6 6. O-O Bc5 7.
Bc4 $5 ({Radjabovs partier har framförallt revolverat runt slutspelet som
uppkommer efter} 7. Qd3 d6 8. Qc4 Qe7 9. Nc3 Bd7 10. Nd5 Nxd5 11. exd5 Nd4 12.
Bxd7+ Qxd7 13. Nxd4 Bxd4 14. a4 a6 15. Be3 Bxe3 16. fxe3 {, och frågan är om
svart kan hantera vits minimala press, som i Carlsen - Radjabov, Linares 2008.}
) 7... d6 8. Nc3 a6 ({Kanske svart borde övervägt} 8... Na5 {
, för att kunna rockera kort inom den närmsta framtiden.}) 9. Bg5 Bg4 10. h3
Bh5 11. Nd5 h6 12. Bxf6 gxf6 13. c3 $1 {Svarts kung har fastnat i mitten, och
vit är snart redo att befästa f5-punkten med sin häst på f3.} Rf8 14. b4 {
Nyttigt att lägga in, med tempo, om svart skulle få för sig att rockera långt.}
Ba7 15. Be2 Bg6 16. Nd2 $1 (16. Nh4 {var intressant.} Bxe4 17. Bh5+ Kd7 18. Re1
$1 Bxd5 19. Qxd5 {med rätt schysst kompensation för vit. Emanuels 16.Sd2 visar
sig dock vara riktigt starkt!}) 16... Ne7 17. Bh5 Kf7 18. Nc4 Bxh5 19. Qxh5+
Kg7 20. Nce3 Bxe3 21. fxe3 Nxd5 22. Qg4+ Kh7 23. Qf5+ Kg7 24. Qg4+ Kh7 25. exd5
{Emanuel gjorde den korrekta bedömningen att även utan lätta pjäser är
ställningen extremt jobbig för svart.} Rf7 (25... Qe8 $5 {, med planen ..Dg6,
innan vit hunnit arrangera sina styrkor, kanske var ett OK försök.}) 26. Qe4+
Kg7 27. Qg4+ Kh7 28. Qe4+ Kg7 29. Rf3 Qd7 30. Rg3+ Kf8 31. Rf1 Ke7 32. Rxf6 $1
{En snygg taktisk finess.} Rxf6 (32... Kxf6 33. Qh4+ Kf5 34. e4# {är matt.})
33. Rg7+ Rf7 34. Rxf7+ Kxf7 35. Qh7+ Ke8 36. Qh8+ Kf7 37. Qh7+ Ke8 38. Qg8+ Ke7
39. Qxa8 Qb5 40. Qg8 Qd3 41. Qe6+ Kd8 42. Qg8+ Ke7 43. Qe6+ Kd8 44. Qxh6 Qxc3
45. h4 (45. Qg5+ Ke8 46. h4 {
med "Autostrada" för h-bonden, såg också extremt bra ut.}) 45... Qxb4 46. Qf6+
Ke8 47. h5 Qe1+ 48. Kh2 Qxe3 49. h6 Qe4 50. Qe6+ Kf8 (50... Kd8 51. Kh3 $1 {
vinner också för vit.}) 51. Qc8+ Kf7 52. Qe6+ (52. Qxc7+ Kg6 53. Qxd6+ Kg5 54.
Qe7+ Kxh6 55. Qf6+ {följt av d6 såg också enkelt ut.}) 52... Kf8 53. g4 Qf4+
54. Kh3 e4 55. Qc8+ Ke7 56. Qxc7+ Ke8 57. Qc8+ Ke7 58. Qc7+ Ke8 59. Qc8+ Ke7
60. Qe6+ Kd8 61. Qg8+ Kc7 62. Qg7+ Kb6 63. h7 e3 64. h8=Q Qf3+ 65. Kh4 Qh1+ 66.
Kg5 Qxd5+ 67. Kf4 {Ett glansparti av Berg!} 1-0